| 000 | 00694cam a2200157 4500500 | ||
|---|---|---|---|
| 005 | 20260405003203.0 | ||
| 041 | _afre | ||
| 042 | _adc | ||
| 100 | 1 | 0 |
_aArènes, Jacques _eauthor |
| 245 | 0 | 0 | _aTous victimes ? |
| 260 | _c2005. | ||
| 500 | _a13 | ||
| 520 | _aRésuméLa position de victime est aujourd’hui envahissante, tant au niveau des traumatismes collectifs que dans le champ du quotidien. Une rhétorique de l’accusation et de la demande de réparation se met en place pour gérer les conflits les plus banals. | ||
| 786 | 0 | _nÉtudes | 403 | 7 | 2005-07-01 | p. 43-52 | 0014-1941 | |
| 856 | 4 | 1 | _uhttps://shs.cairn.info/revue-etudes-2005-7-page-43?lang=fr&redirect-ssocas=7080 |
| 999 |
_c2065142 _d2065142 |
||